Регионална библиотека "Любен Каравелов" - Русе

Десетгодишнина на Добруджански хор гр. Русе (Запис номер 81669)

MARC детайли
000 -Лидер
Контролно поле с фиксирана дължина 01272nam a2200349 a 4500
003 - Код на организацията, давaща контролен номер
Контролно поле BLK
005 - Дата и час на последна редакция
Контролно поле 20250122135813.0
008 - Елементи от данни с фиксирана дължина
fixed length control field 180408b bul|||||r ||||||| ||bul||
010 ## - Наследен системен номер
LC control number KNG00086178000
040 ## - Източник на каталожния запис
Идентификатор на билиотеката - собственик на записа BLK
041 ## - Код за език
Код за езика на текст/звукозапис или на отделно заглавие Български
Код за езика КДБФ Български
080 ## - УДК
Текстов определител УДК Хорове
УДК код - определител по УДК 78.087.68
УДК определител (497.215)(091)
УДК - код + определител 78.087.68(497.215)(091)
100 1# - Редна дума - Автор
Автор Айдемирски, Аспарух Янакиев
Авторска отговорност първи автор
R(LIN) 29745
139 ## - Редно поле
Редна дума Айдемирски, Аспарух Янакиев
Авторски знак Аи - А 37
245 10 - Сведения за заглавието
Заглавие Десетгодишнина на Добруджански хор гр. Русе
Подзаглавни данни 1919 - 1929
Редно поле (дума) Аспарух Янакиев Айдемирски
257 ## - Страна на издаване
Страна на създаване/издаване България
260 ## - Област на издателските данни
Място на издаване, разпространение и проч. Русе
Име на издателя, разпространителя и проч. Добрудж. хор
Година на издаване 1930
Печатница София : С. М. Стайков
300 ## - Физическа характеристика
Страници 21 с.
Илюстрации и др. с ил.
Размери/Мащаб 23 см
380 ## - Жанр
Жанр Изкуство
500 ## - Общи забележки
Забележка Авт. посочен на 3 с.
650 #4 - Допълнително описание по предмет – тема
Основно описание – тема или топоним Хорове, български - история
9 (RLIN) 250916
651 #4 - Допълнително описание по предмет - топоним
Географско понятие Русе
9 (RLIN) 179462
653 ## - Ключова дума – ненормативна
Ключова дума хорове
653 ## - Ключова дума – ненормативна
Ключова дума история
659 ## - Тематичен бюлетин
Тематичен бюлетин К
852 ## - Местоположение
Форматна сигнатура Цб 7439
856 4# - Електронен адрес и достъп
Електронен формат pdf - файл
856 4# - Електронен адрес и достъп
Електронен формат pdf - файл
999 ## - СИСТЕМНИ КОНТРОЛНИ НОМЕРА
Koha biblionumber 81669
Koha biblioitemnumber 81669
942 ## - АРТИКУЛИ
Вид на библиотечния материал Книги
Скрит в OPAC Не
Периодичен библиозапис Да
Koha issues (borrowed), all copies 1
944 ## - СЪЗДАВАНЕ И РЕДАКЦИЯ на ЗАПИСА
Създаване/Редакция Създаване
Дата на регистрацията/редакция 04.11.2008
Статус, дата на статуса Валя Йорданова
Служител, извършил регистрацията/редакцията 30558
944 ## - СЪЗДАВАНЕ И РЕДАКЦИЯ на ЗАПИСА
Създаване/Редакция Редакция
Дата на регистрацията/редакция 2021-11-02
Статус, дата на статуса 2021-11-02
Служител, извършил регистрацията/редакцията К.Д.
Наличности
Код за отписване Код за изгубен артикул Код за повреда Коз за рестрикции Код за отдаване Артикулен № Име на библиотеката - собственик Име на библиотеката, в която се намира в момента Статус (Текущо местоположение) Дата на вписване в системата Местоположение - отдел Цена в лева Инвентарен номер Систематично азбучна сигнатура Баркод Номер на екземпляра Цена в евро Служебна бележка Служебен тип на артикула Източник на класификационната схема
  Не е изгубен Не е повреден без рестрикции ползва се в читалня 132673 Регионална библиотека "Любен Каравелов" Русе Регионална библиотека "Любен Каравелов" Русе Краезнание 2008-10-31 Краезнание 20.00 120000731115 К 78/А 37 120000731115 1 10.23 Дост: DA Вид: А N: 13 Дата: 31.10.2008 Дата инв: 10.11.2017 Бележки инв: К2017 Книги  
  Не е изгубен Не е повреден без рестрикции ползва се в читалня 132674 Регионална библиотека "Любен Каравелов" Русе Регионална библиотека "Любен Каравелов" Русе Хранилище 1930-01-01 Основен фонд - ползва се само за читалня 0.30 11592/57 Цб 7439 900000081664 2 0.15 Дост: DA Вид: А N: стар фонд Дата: 01.01.1930 Книги Universal Decimal Classification
Vip Innovations Ltd, Rousse, Bulgaria 2025